[Event "C.to Italiano Semifinale"]
[Site "San Martino di Castrozza - Siror ITA"]
[Date "2003.06.21"]
[Round "1"]
[White "Baracchi, Filippo"]
[Black "Drei, Andrea"]
[Result "0-1"]
[WhiteElo "1801"]
[BlackElo "2224"]
[PlyCount "60"]
[EventDate "2003.06.21"]

1. e4 c5 2. Nf3 e6 3. d4 cxd4 4. Nxd4 Nc6 5. Be3 Qc7 6. Be2 a6 7. O-O Nf6 8.
Nc3 Bb4 9. Bf3 Ne5 10. Bf4 O-O 11. Nce2 Bd6 12. Bxe5 Bxe5 13. g3 d5 14. Nc3 Qb6
15. Nde2 d4 16. Na4 Qc6 17. c3 dxc3 18. Naxc3 b5 19. Rc1 Qb6 20. Qb3 Rb8 21. a3
a5 22. Rfd1 Bd7 23. Nb1 Bc6 24. Nd2 Rfd8 25. Nc3 Bd4 26. Rf1 Bxf2+ 27. Rxf2
Rxd2 28. Rcf1 Qe3 29. Qa2 Rxf2 30. Rxf2 Nxe4 0-1

[Event "C.to Italiano Semifinale"]
[Site "San Martino di Castrozza - Siror ITA"]
[Date "2003.06.21"]
[Round "1"]
[White "Battaglia, Edoardo"]
[Black "Rossato, Armando"]
[Result "0-1"]
[WhiteElo "1600"]
[BlackElo "2192"]
[PlyCount "36"]
[EventDate "2003.06.21"]

1. e4 d5 2. exd5 Qxd5 3. Nc3 Qa5 4. Bc4 Nf6 5. d3 e5 6. Bd2 c6 7. Qe2 Qc7 8. d4
b5 9. dxe5 bxc4 10. exf6+ Be6 11. Ne4 Nd7 12. Bc3 gxf6 13. Nxf6+ Nxf6 14. Bxf6
Rg8 15. O-O-O Qf4+ 16. Kb1 Qxf6 17. Qe4 Rc8 18. Ne2 Rg4 0-1

[Event "C.to Italiano Semifinale"]
[Site "San Martino di Castrozza - Siror ITA"]
[Date "2003.06.21"]
[Round "1"]
[White "Campanile, Roberto"]
[Black "Calisi, Elia"]
[Result "1-0"]
[WhiteElo "2184"]
[BlackElo "1600"]
[PlyCount "53"]
[EventDate "2003.06.21"]

1. d4 d5 2. Nf3 Nf6 3. c4 c6 4. Nc3 Nbd7 5. e3 e6 6. Bd3 Be7 7. O-O O-O 8. e4
dxe4 9. Nxe4 Nxe4 10. Bxe4 Nf6 11. Bc2 b6 12. Qd3 g6 13. Rd1 Bb7 14. Bg5 Nh5
15. Bh6 Re8 16. Ba4 Bf8 17. Qe3 Qc7 18. Rd3 Red8 19. Rad1 Bg7 20. Ne5 Nf6 21.
Bf4 Nh5 22. Nxg6 Nxf4 23. Qxf4 e5 24. Nxe5 f6 25. Ng6 Qf7 26. Nh4 Qxc4 27. Bb3
1-0

[Event "C.to Italiano Semifinale"]
[Site "San Martino di Castrozza - Siror ITA"]
[Date "2003.06.21"]
[Round "1"]
[White "Cocchi, Andrea"]
[Black "Astengo, Marcello"]
[Result "1-0"]
[WhiteElo "2311"]
[BlackElo "2055"]
[PlyCount "136"]
[EventDate "2003.06.21"]

1. c4 e6 2. Nf3 d5 3. e3 Nf6 4. b3 Be7 5. Bb2 O-O 6. Be2 Ne4 7. O-O Bf6 8. d4
Be7 9. Nbd2 Nxd2 10. Qxd2 Nd7 11. Qc2 Nf6 12. Ne5 Bd7 13. Rac1 Rc8 14. c5 Be8
15. Bd3 g6 16. f3 c6 17. b4 Nd7 18. Ng4 Bg5 19. Rce1 f5 20. Nf2 Nf6 21. Qc3 Qc7
22. a4 Qg7 23. Bc2 Bd7 24. Nd3 Be8 25. Qb3 a6 26. Bc3 Qh6 27. Bd2 Nd7 28. b5
Bf7 29. f4 Bh4 30. Rb1 axb5 31. axb5 Rb8 32. Be1 Be7 33. Qc3 Rfc8 34. bxc6 bxc6
35. Nb4 Be8 36. Bd3 Nf6 37. Na6 Ng4 38. Bg3 Rxb1 39. Bxb1 Bd7 40. h3 Nf6 41.
Qb3 Qf8 42. Bd3 Ne4 43. Bxe4 fxe4 44. Qb7 Qe8 45. Rb1 h5 46. Nb8 Rd8 47. Be1
Bc8 48. Qc7 Bf6 49. Nxc6 Rd7 50. Qb8 g5 51. Na7 gxf4 52. Qxc8 Rd8 53. Qc7 e5
54. Rb7 Qg6 55. dxe5 f3 56. g3 Bg5 57. Kh2 d4 58. Rb8 Rxb8 59. Qxb8+ Kh7 60. c6
dxe3 61. c7 f2 62. c8=Q Bf6 63. Qbb7+ Bg7 64. Bxf2 exf2 65. Qc4 e3 66. Kg2 Kh8
67. Qa8+ Kh7 68. Qae4 Bxe5 1-0

[Event "C.to Italiano Semifinale"]
[Site "San Martino di Castrozza - Siror ITA"]
[Date "2003.06.21"]
[Round "1"]
[White "Di Paolo, Raffaele"]
[Black "Cazzaniga, Walter"]
[Result "1-0"]
[WhiteElo "2320"]
[BlackElo "2094"]
[PlyCount "97"]
[EventDate "2003.06.21"]

1. e4 e6 2. d4 d5 3. Nd2 Nc6 4. Ngf3 Nf6 5. e5 Nd7 6. Nb3 a5 7. a4 b6 8. c3 Ba6
9. Bxa6 Rxa6 10. Ng5 h6 11. Qh5 g6 12. Qh3 Qe7 13. Nf3 Bg7 14. O-O Kd8 15. Bd2
Kc8 16. Rfc1 Kb7 17. c4 dxc4 18. Rxc4 Nb4 19. Bxb4 axb4 20. Nfd2 f6 21. Rac1
Rc8 22. Rc6 Rxa4 23. Rxe6 Qf7 24. exf6 Bxf6 25. Qf3+ Kb8 26. Qc6 Ra7 27. Ree1
Re8 28. Rxe8+ Qxe8 29. Ne4 Qe7 30. g3 g5 31. Rc2 Bg7 32. Re2 Nf6 33. Kg2 Qd7
34. Qxd7 Nxd7 35. f4 gxf4 36. gxf4 Ra2 37. Kf3 Kb7 38. Kg4 Bf8 39. Kf5 c5 40.
Ke6 Kc7 41. Rc2 Kd8 42. dxc5 Nxc5+ 43. Nbxc5 Bxc5 44. f5 b3 45. Rd2+ Kc8 46.
Nxc5 bxc5 47. f6 Ra1 48. Rf2 Re1+ 49. Kd5 1-0

[Event "C.to Italiano Semifinale"]
[Site "San Martino di Castrozza - Siror ITA"]
[Date "2003.06.21"]
[Round "1"]
[White "Ferri, Stefano"]
[Black "Iotti, Pierluigi"]
[Result "0-1"]
[WhiteElo "2069"]
[BlackElo "2314"]
[PlyCount "152"]
[EventDate "2003.06.21"]

1. d4 Nf6 2. Nf3 e6 3. g3 b6 4. Bg2 Bb7 5. O-O Be7 6. c4 O-O 7. b3 d6 8. Bb2
Nbd7 9. Nc3 Ne4 10. Qc2 Nxc3 11. Bxc3 f5 12. d5 e5 13. e4 f4 14. b4 h5 15. gxf4
Rxf4 16. Bd2 Rf7 17. Qc1 a5 18. Ng5 Bxg5 19. Bxg5 Qe8 20. a3 Nf8 21. Qd1 g6 22.
Kh1 Nh7 23. Bh6 Bc8 24. h3 Qe7 25. b5 Qh4 26. Qd3 g5 27. Qg3 Qf4 28. h4 Qxh4+
29. Qxh4 gxh4 30. Kh2 Nf8 31. f4 exf4 32. Bxf4 Ng6 33. Bg5 Rxf1 34. Rxf1 Bg4
35. Rf6 Kg7 36. e5 Nxe5 37. c5 Nd7 38. Re6 Nxc5 39. Re7+ Kg6 40. Bxh4 Bd7 41.
Be4+ Nxe4 42. Rxd7 Rc8 43. a4 Nc3 44. Kg2 Nxd5 45. Kf3 Re8 46. Bd8 Re3+ 47. Kf2
Rc3 48. Bxc7 Nxc7 49. Rxd6+ Kf5 50. Rxb6 Rc4 51. Rh6 Kg5 52. Rh8 Rxa4 53. b6
Na6 54. b7 Rb4 55. Ra8 Rxb7 56. Rxa6 Rb2+ 57. Kg3 Ra2 58. Ra8 Ra3+ 59. Kg2 h4
60. Rg8+ Kf4 61. Kh2 a4 62. Rh8 h3 63. Re8 Re3 64. Ra8 a3 65. Ra4+ Ke5 66. Ra5+
Kd4 67. Kg1 Rf3 68. Ra4+ Kc5 69. Kh2 Kb5 70. Ra8 Kb4 71. Rb8+ Kc3 72. Re8 a2
73. Re1 Kb2 74. Re2+ Kb3 75. Re1 Rc3 76. Rd1 Kb2 0-1

[Event "C.to Italiano Semifinale"]
[Site "San Martino di Castrozza - Siror ITA"]
[Date "2003.06.21"]
[Round "1"]
[White "Passerotti, Pierluigi"]
[Black "Damia, Angelo"]
[Result "1/2-1/2"]
[WhiteElo "2278"]
[BlackElo "1991"]
[PlyCount "50"]
[EventDate "2003.06.21"]

1. d4 Nf6 2. c4 g6 3. Nc3 Bg7 4. e4 d6 5. Be2 O-O 6. Nf3 e5 7. O-O Nc6 8. d5
Ne7 9. b4 Nh5 10. c5 f5 11. Nd2 Nf6 12. f3 f4 13. Nc4 g5 14. g4 Ng6 15. a4 b6
16. Ba3 Rf7 17. cxd6 cxd6 18. b5 Bf8 19. Na2 Bb7 20. Nb4 Rc8 21. Nc6 Bxc6 22.
bxc6 h5 23. h3 hxg4 24. hxg4 Rh7 25. Qb3 Rh3 1/2-1/2

[Event "C.to Italiano Semifinale"]
[Site "San Martino di Castrozza - Siror ITA"]
[Date "2003.06.21"]
[Round "1"]
[White "Pechy, Alaster"]
[Black "Contini, Luca"]
[Result "1/2-1/2"]
[WhiteElo "2115"]
[BlackElo "2337"]
[PlyCount "64"]
[EventDate "2003.06.21"]

1. d4 Nf6 2. c4 e6 3. Nc3 Bb4 4. Qc2 O-O 5. a3 Bxc3+ 6. Qxc3 b6 7. Nf3 Bb7 8.
g3 c5 9. dxc5 bxc5 10. Bg2 Ne4 11. Qc2 Qa5+ 12. Nd2 Nxd2 13. Bxd2 Qa6 14. Bxb7
Qxb7 15. O-O Nc6 16. Be3 d6 17. Rfd1 Rfd8 18. Rd2 e5 19. Rad1 Nd4 20. Bxd4 exd4
21. e3 dxe3 22. fxe3 Qf3 23. Rxd6 Rxd6 24. Rxd6 Qxe3+ 25. Kg2 Re8 26. Qd3 Qe5
27. Rd8 Qxb2+ 28. Kh3 Qe5 29. Qd7 Qh5+ 30. Kg2 Qe2+ 31. Kg1 Qe1+ 32. Kg2 Qe2+
1/2-1/2

[Event "C.to Italiano Semifinale"]
[Site "San Martino di Castrozza - Siror ITA"]
[Date "2003.06.21"]
[Round "1"]
[White "Ricci, Marco"]
[Black "Vezzosi, Paolo"]
[Result "0-1"]
[WhiteElo "2165"]
[BlackElo "2372"]
[PlyCount "74"]
[EventDate "2003.06.21"]

1. e4 c5 2. Nf3 e6 3. d4 cxd4 4. Nxd4 a6 5. Bd3 Bc5 6. Nb3 Be7 7. Be3 Nf6 8. c4
d6 9. Nc3 Nbd7 10. O-O Qc7 11. Rc1 b6 12. f3 Bb7 13. Qe2 O-O 14. Rfd1 Rac8 15.
Qf2 Rfe8 16. Nd4 Qb8 17. Bf1 Bd8 18. b3 Bc7 19. g4 g6 20. g5 Nh5 21. Nde2 Bc6
22. h4 Ba8 23. f4 b5 24. cxb5 axb5 25. Bg2 b4 26. Na4 e5 27. f5 d5 28. exd5 e4
29. Nd4 Bxd5 30. fxg6 hxg6 31. Nf5 Bh2+ 32. Kh1 Rxc1 33. Bxc1 gxf5 34. Rxd5 Ne5
35. Bf4 Bxf4 36. Nc5 Ng4 37. Qe2 Ng3+ 0-1

[Event "C.to Italiano Semifinale"]
[Site "San Martino di Castrozza - Siror ITA"]
[Date "2003.06.21"]
[Round "1"]
[White "Rossi, Giampiero"]
[Black "Stroppa, Daniel"]
[Result "1/2-1/2"]
[WhiteElo "2052"]
[BlackElo "2279"]
[PlyCount "120"]
[EventDate "2003.06.21"]

1. d4 Nc6 2. c4 e5 3. d5 Nce7 4. Nc3 Ng6 5. Nf3 Nf6 6. e4 Bc5 7. Be2 d6 8. O-O
O-O 9. h3 a6 10. Re1 Qe7 11. Bf1 h6 12. a3 Nh7 13. Be3 Bxe3 14. Rxe3 f5 15. Qd2
f4 16. Rd3 Ng5 17. Re1 Bd7 18. Nxg5 Qxg5 19. Kh1 Rf6 20. f3 Qh5 21. Qf2 Nh4 22.
c5 dxc5 23. Qxc5 Nxg2 24. Bxg2 Bxh3 25. Qf2 Rg6 26. Bxh3 Rg3 27. Qxg3 fxg3 28.
Kg2 Qg5 29. d6 cxd6 30. Rxd6 Rf8 31. Rd3 b5 32. Red1 Rb8 33. Nd5 a5 34. Nc7 h5
35. Ne6 Qf6 36. Rd8+ Rxd8 37. Rxd8+ Kh7 38. Rd7 h4 39. Rxg7+ Kh8 40. Bf5 b4 41.
axb4 axb4 42. Rh7+ Kg8 43. Rd7 h3+ 44. Kxh3 Qh6+ 45. Kxg3 Qc1 46. Bg6 Qg1+ 47.
Kh4 Qh2+ 48. Kg4 Qg2+ 49. Kf5 Qxf3+ 50. Kxe5 Qg3+ 51. Kd5 Qd3+ 52. Nd4 b3 53.
Bf5 Qd2 54. Rb7 Qxb2 55. Rxb3 Qa2 56. e5 Qa8+ 57. Nc6 Qa2 58. Be6+ Kg7 59. Kd6
Qh2 60. Rb7+ Kg6 1/2-1/2

[Event "C.to Italiano Semifinale"]
[Site "San Martino di Castrozza - Siror ITA"]
[Date "2003.06.21"]
[Round "1"]
[White "Sbarra, Marco"]
[Black "Guclu, Yaman"]
[Result "1-0"]
[WhiteElo "2217"]
[BlackElo "1771"]
[PlyCount "83"]
[EventDate "2003.06.21"]

1. e4 c5 2. Nf3 Nc6 3. Bb5 e6 4. Bxc6 bxc6 5. O-O Be7 6. d3 Nf6 7. Ne5 O-O 8.
f4 Qc7 9. c4 Ne8 10. Nc3 d6 11. Nf3 Rb8 12. b3 f5 13. e5 d5 14. Na4 Ba6 15. Ba3
dxc4 16. dxc4 Bb5 17. cxb5 cxb5 18. Nxc5 Bxc5+ 19. Bxc5 Qxc5+ 20. Qd4 Qxd4+ 21.
Nxd4 Nc7 22. Rac1 Rbd8 23. Rxc7 Rxd4 24. g3 Rf7 25. Rc8+ Rf8 26. Rc6 Re8 27.
Ra6 Re7 28. Rf2 Kf7 29. Rc2 Rd5 30. Kf2 g5 31. Rd6 gxf4 32. Rxd5 fxg3+ 33. Kxg3
exd5 34. Kf4 Rb7 35. Kxf5 Ke7 36. Rg2 Kf8 37. e6 Rb6 38. Kf6 d4 39. Rc2 Rb8 40.
Rd2 Rc8 41. Rxd4 h5 42. h4 1-0

[Event "C.to Italiano Semifinale"]
[Site "San Martino di Castrozza - Siror ITA"]
[Date "2003.06.21"]
[Round "1"]
[White "Scalcione, Michelangelo"]
[Black "Brignone, Roberto"]
[Result "0-1"]
[WhiteElo "2366"]
[BlackElo "2149"]
[PlyCount "126"]
[EventDate "2003.06.21"]

1. Nf3 Nf6 2. c4 c5 3. Nc3 g6 4. e4 d6 5. d4 cxd4 6. Nxd4 Bg7 7. Be2 O-O 8. O-O
Nc6 9. Be3 Bd7 10. Qd2 Qa5 11. Nb3 Qb4 12. Qc2 Ng4 13. Bd2 Qb6 14. Nd5 Qd8 15.
Bc3 Rc8 16. Bxg7 Kxg7 17. Qc3+ Kg8 18. f4 e6 19. Bxg4 exd5 20. Bxd7 Qxd7 21.
cxd5 Ne5 22. Qd4 Nc4 23. Rac1 b5 24. Rcd1 Rfe8 25. Rde1 a5 26. Nc1 Qc7 27. Ne2
Qc5 28. Rf2 Ne3 29. Qxc5 Rxc5 30. Nc1 Nc2 31. Rd1 Ne3 32. Re1 Nc2 33. Ree2 Nd4
34. Re1 Nc2 35. Rd1 Ne3 36. Re1 Nc2 37. Ree2 Nd4 38. Nd3 Nxe2+ 39. Rxe2 Rxd5
40. Nf2 f5 41. g4 Kf7 42. Kf1 fxe4 43. Nxe4 Rd1+ 44. Kf2 Kg7 45. f5 gxf5 46.
gxf5 b4 47. b3 d5 48. f6+ Kf8 49. Ng5 Rxe2+ 50. Kxe2 Ra1 51. Nxh7+ Kf7 52. Ng5+
Kxf6 53. Nf3 Rxa2+ 54. Kd3 Rb2 55. Nd2 Rxd2+ 56. Kxd2 Kf5 57. Kd3 Kg4 58. Kd4
Kh3 59. Kc5 Kxh2 60. Kb5 Kg3 61. Kxa5 d4 62. Kxb4 Kf3 63. Kc4 Ke3 0-1

[Event "C.to Italiano Semifinale"]
[Site "San Martino di Castrozza - Siror ITA"]
[Date "2003.06.21"]
[Round "1"]
[White "Sorcinelli, Francesco"]
[Black "Mola, Pietro"]
[Result "0-1"]
[WhiteElo "1962"]
[BlackElo "2265"]
[PlyCount "68"]
[EventDate "2003.06.21"]

1. e4 c5 2. Nc3 d6 3. f4 Nc6 4. Nf3 g6 5. Bc4 Bg7 6. O-O e6 7. f5 exf5 8. d3
Nf6 9. Qe1 O-O 10. Qh4 Be6 11. Bg5 Bxc4 12. dxc4 h6 13. Bxh6 Nxe4 14. Qxd8
Raxd8 15. Bxg7 Kxg7 16. Nxe4 fxe4 17. Ng5 Rde8 18. Rad1 Re5 19. Nh3 Rd8 20. Nf4
a6 21. Rfe1 b5 22. cxb5 axb5 23. Nd5 Nd4 24. c3 Rxd5 25. cxd4 f5 26. dxc5 Rxc5
27. Rd4 Kf6 28. Red1 Ke6 29. R1d2 d5 30. h4 Rc4 31. Kf2 Ke5 32. Rxc4 bxc4 33.
g3 d4 34. Rd1 Rb8 0-1

[Event "C.to Italiano Semifinale"]
[Site "San Martino di Castrozza - Siror ITA"]
[Date "2003.06.21"]
[Round "1"]
[White "Valenti, Giuseppe"]
[Black "Rossi, Damiano"]
[Result "1-0"]
[WhiteElo "2226"]
[BlackElo "1840"]
[PlyCount "63"]
[EventDate "2003.06.21"]

1. e4 e6 2. d4 d5 3. Nd2 dxe4 4. Nxe4 Nf6 5. Nxf6+ Qxf6 6. Nf3 Qd8 7. Bd3 Be7
8. Bf4 Nd7 9. Qe2 Nf6 10. O-O-O O-O 11. c4 c5 12. dxc5 Qa5 13. Kb1 Qxc5 14. Ne5
Rd8 15. g4 Nd7 16. Qe4 Nf8 17. Be3 Qc7 18. Bc2 Bd6 19. c5 Be7 20. Rxd8 Bxd8 21.
Rd1 Be7 22. Qd4 f6 23. Nd3 e5 24. Qe4 Be6 25. f4 exf4 26. Nxf4 Bf7 27. Nd5 Bxd5
28. Rxd5 Qxh2 29. Qxe7 Qg2 30. Rd8 Rxd8 31. Qxd8 Qf1+ 32. Bc1 1-0

[Event "C.to Italiano Semifinale"]
[Site "San Martino di Castrozza - Siror ITA"]
[Date "2003.06.22"]
[Round "2"]
[White "Astengo, Marcello"]
[Black "Battaglia, Edoardo"]
[Result "1/2-1/2"]
[WhiteElo "2055"]
[BlackElo "1600"]
[PlyCount "52"]
[EventDate "2003.06.21"]

1. d4 d5 2. Nf3 c6 3. Bf4 Qb6 4. Qc1 Bg4 5. Ne5 Bf5 6. e3 f6 7. Nd3 Nd7 8. c3
e5 9. Bg3 Bd6 10. Nd2 Qc7 11. Be2 Bxd3 12. Bxd3 e4 13. Be2 f5 14. c4 Bxg3 15.
hxg3 Qd6 16. g4 fxg4 17. Bxg4 Ngf6 18. Bf5 O-O 19. c5 Qe7 20. Qc2 g6 21. Bh3
Qf7 22. O-O-O b6 23. Nb3 bxc5 24. dxc5 Ne5 25. Nd4 Rfe8 26. Kb1 Rab8 1/2-1/2

[Event "C.to Italiano Semifinale"]
[Site "San Martino di Castrozza - Siror ITA"]
[Date "2003.06.22"]
[Round "2"]
[White "Brignone, Roberto"]
[Black "Passerotti, Pierluigi"]
[Result "0-1"]
[WhiteElo "2149"]
[BlackElo "2278"]
[PlyCount "84"]
[EventDate "2003.06.21"]

1. e4 c5 2. Nf3 d6 3. d4 cxd4 4. Nxd4 Nf6 5. Nc3 a6 6. Be2 e5 7. Nb3 Be7 8. Be3
Be6 9. O-O Nbd7 10. Qd2 O-O 11. f4 b5 12. a3 Nb6 13. Na5 exf4 14. Bxf4 d5 15.
Nc6 Bc5+ 16. Kh1 Qc8 17. exd5 Nbxd5 18. Ne5 Nxc3 19. Qxc3 Nd5 20. Qg3 Nxf4 21.
Qxf4 Bd6 22. Qe4 Qc7 23. Nf3 g6 24. Nd4 Bd7 25. Rae1 Bxh2 26. Rd1 Rae8 27. Qh4
Bg3 28. Qh6 Be5 29. Bf3 Bg7 30. Qg5 Re5 31. Qc1 Qd8 32. Qf4 Qe7 33. c3 Rd8 34.
Nc6 Bxc6 35. Rxd8+ Qxd8 36. Bxc6 Rf5 37. Qc1 Rh5+ 38. Kg1 Qb6+ 39. Rf2 Qxc6 40.
Qf4 Rf5 41. Qb8+ Bf8 42. Re2 Qc5+ 0-1

[Event "C.to Italiano Semifinale"]
[Site "San Martino di Castrozza - Siror ITA"]
[Date "2003.06.22"]
[Round "2"]
[White "Calisi, Elia"]
[Black "Sorcinelli, Francesco"]
[Result "0-1"]
[WhiteElo "1600"]
[BlackElo "1962"]
[PlyCount "70"]
[EventDate "2003.06.21"]

1. c4 e5 2. Nc3 Nc6 3. g3 g6 4. Bg2 Bg7 5. e4 d6 6. Nge2 Nge7 7. O-O Be6 8. d3
Qd7 9. a3 O-O 10. b4 Rae8 11. Rb1 f5 12. exf5 gxf5 13. b5 Nd8 14. f4 c6 15. Be3
d5 16. cxd5 Nxd5 17. Nxd5 Bxd5 18. Bxd5+ Qxd5 19. bxc6 Nxc6 20. Rxb7 Nd4 21.
Rb1 Nxe2+ 22. Qxe2 exf4 23. gxf4 Rxe3 24. Rb5 Qxb5 25. Qxe3 Re8 26. Qg3 Re6 27.
Qf3 Bd4+ 28. Kh1 Rg6 29. Rc1 Bb6 30. Qa8+ Kg7 31. Qb7+ Kh6 32. Qf3 Qb2 33. Re1
Qd4 34. Qh3+ Kg7 35. Re7+ Kf8 0-1

[Event "C.to Italiano Semifinale"]
[Site "San Martino di Castrozza - Siror ITA"]
[Date "2003.06.22"]
[Round "2"]
[White "Cazzaniga, Walter"]
[Black "Baracchi, Filippo"]
[Result "1/2-1/2"]
[WhiteElo "2094"]
[BlackElo "1801"]
[PlyCount "94"]
[EventDate "2003.06.21"]

1. d4 Nf6 2. c4 e6 3. Nf3 d5 4. Nc3 c6 5. Bg5 Nbd7 6. cxd5 exd5 7. e3 Qa5 8.
Nd2 Bb4 9. Qc2 O-O 10. Be2 Ne4 11. Ndxe4 dxe4 12. Bh4 Nb6 13. O-O Qf5 14. Qxe4
Qa5 15. Qc2 Be6 16. a3 Bxc3 17. bxc3 Nd5 18. Rfc1 b5 19. a4 b4 20. cxb4 Qxb4
21. Qxc6 Rac8 22. Qb5 Rxc1+ 23. Rxc1 Qa3 24. Qc5 Qxa4 25. Bf3 Nb6 26. Bc6 Qa2
27. h3 Bc4 28. Qb4 Rc8 29. Bf3 h6 30. Be7 Be6 31. Rxc8+ Nxc8 32. Bc5 a5 33. Qb7
Kh7 34. Qa8 Qb1+ 35. Kh2 Qb5 36. Qe4+ g6 37. Qe5 a4 38. Qf6 Qb8+ 39. g3 Nb6 40.
e4 Nd7 41. Qe7 Nxc5 42. Qxc5 Qb3 43. d5 Bxd5 44. exd5 Qxf3 45. d6 a3 46. d7 a2
47. Qd4 Qa8 1/2-1/2

[Event "C.to Italiano Semifinale"]
[Site "San Martino di Castrozza - Siror ITA"]
[Date "2003.06.22"]
[Round "2"]
[White "Contini, Luca"]
[Black "Rossi, Giampiero"]
[Result "1-0"]
[WhiteElo "2337"]
[BlackElo "2052"]
[PlyCount "95"]
[EventDate "2003.06.21"]

1. d4 d5 2. c4 e6 3. Nc3 c6 4. Bf4 Nf6 5. e3 Nbd7 6. Rc1 Be7 7. h3 O-O 8. Nf3
b6 9. cxd5 Nxd5 10. Nxd5 exd5 11. Rxc6 Nf6 12. a3 Bf5 13. Bd3 Rc8 14. Ne5 Bxd3
15. Qxd3 Nd7 16. Rxc8 Nxe5 17. Rxd8 Nxd3+ 18. Kd2 Rxd8 19. Kxd3 Rc8 20. e4
dxe4+ 21. Kxe4 Kf8 22. Rc1 Rxc1 23. Bxc1 Ke8 24. Bf4 Kd7 25. Kd5 a6 26. g4 g6
27. Bb8 Bh4 28. Bg3 Be7 29. a4 b5 30. axb5 axb5 31. Bb8 Bh4 32. f3 Be7 33. Ba7
Bb4 34. Bc5 Ba5 35. b3 Bc7 36. Bf8 Bb6 37. Bb4 f6 38. Be1 Ba7 39. Bh4 Ke7 40.
Bf2 Kd7 41. Be3 Bb6 42. Bh6 Ba7 43. Bg7 Ke7 44. g5 fxg5 45. Kc6 Bb8 46. Kxb5
Ke6 47. Kc6 Kf5 48. Be5 1-0

[Event "C.to Italiano Semifinale"]
[Site "San Martino di Castrozza - Siror ITA"]
[Date "2003.06.22"]
[Round "2"]
[White "Damia, Angelo"]
[Black "Scalcione, Michelangelo"]
[Result "1/2-1/2"]
[WhiteElo "1991"]
[BlackElo "2366"]
[PlyCount "188"]
[EventDate "2003.06.21"]

1. e4 e5 2. Nf3 d6 3. d4 exd4 4. Nxd4 Nf6 5. Nc3 Be7 6. Bf4 O-O 7. Qd2 a6 8. f3
b5 9. O-O-O c5 10. Nf5 Bxf5 11. exf5 Nc6 12. Bxd6 Qa5 13. Bxe7 Nxe7 14. Kb1
Rad8 15. Qc1 Nxf5 16. Bd3 Nd4 17. Ne2 Nc6 18. c3 Rfe8 19. Rhe1 Ne5 20. Bc2 Rxd1
21. Qxd1 Nc4 22. Nf4 Rd8 23. Qe2 g6 24. Rd1 Re8 25. Qf2 Qc7 26. g3 Qc6 27. Bb3
Re5 28. Bxc4 bxc4 29. Ng2 Re8 30. Ne3 Qe6 31. Re1 Rd8 32. Rd1 Rd3 33. Rxd3 cxd3
34. c4 Qe5 35. Qd2 Qd4 36. b3 Nd7 37. Nd1 Ne5 38. f4 Ng4 39. h3 Nf6 40. Qe3
Qxe3 41. Nxe3 h5 42. Nd1 Ne4 43. Nb2 Nxg3 44. Nxd3 Ne2 45. Kc2 Ng1 46. Nf2 f6
47. Kd3 Kf7 48. Ke4 Ke6 49. h4 Ne2 50. Nd3 Kd6 51. Kf3 Nd4+ 52. Kg3 Nf5+ 53.
Kh3 Kc6 54. Nf2 Nd6 55. Nd3 a5 56. Nb2 Ne4 57. Nd3 Nc3 58. Nc1 a4 59. Kg2 a3
60. Kf3 Kd6 61. Ke3 Ke6 62. Kd3 Nd1 63. Ke2 Nb2 64. Kf3 Kf5 65. Ne2 Nd3 66.
Ng3+ Ke6 67. Ne4 Nb4 68. Nc3 Kf5 69. Nb5 Nxa2 70. Nxa3 Nc1 71. Nb5 Nxb3 72.
Nd6+ Ke6 73. Ne4 f5 74. Ng5+ Ke7 75. Ke3 Na5 76. Kd3 Nc6 77. Nf3 Kf6 78. Ke3
Ke6 79. Kd3 Kd6 80. Kc3 Ke6 81. Kd3 Kf6 82. Ke3 Nd8 83. Ne5 Ne6 84. Nd7+ Ke7
85. Ne5 Kf6 86. Nd7+ Kg7 87. Kf3 Nd4+ 88. Ke3 Ne6 89. Kf3 Kf7 90. Ne5+ Kg7 91.
Nd7 Nd4+ 92. Ke3 Ne6 93. Kf3 Kh6 94. Kg3 Kg7 1/2-1/2

[Event "C.to Italiano Semifinale"]
[Site "San Martino di Castrozza - Siror ITA"]
[Date "2003.06.22"]
[Round "2"]
[White "Drei, Andrea"]
[Black "Di Paolo, Raffaele"]
[Result "1/2-1/2"]
[WhiteElo "2224"]
[BlackElo "2320"]
[PlyCount "144"]
[EventDate "2003.06.21"]

1. e4 c5 2. Nc3 Nc6 3. Nf3 d6 4. d4 cxd4 5. Nxd4 g6 6. Be3 Bg7 7. Qd2 Nf6 8. f3
O-O 9. O-O-O Nxd4 10. Bxd4 Be6 11. Bb5 Qa5 12. Ba4 Rfc8 13. Bb3 Bxb3 14. axb3
e5 15. Be3 Qa1+ 16. Nb1 a5 17. Qxd6 a4 18. Qa3 Qxa3 19. bxa3 axb3 20. c3 Bf8
21. Kb2 Ne8 22. Kxb3 Nd6 23. Rd5 Nc4 24. Bc1 Ra6 25. Rhd1 Rb6+ 26. Ka2 Be7 27.
R1d3 Ra8 28. g3 Kg7 29. f4 Rba6 30. Rd7 Bxa3 31. Nxa3 Nxa3 32. Rxb7 Nc4+ 33.
Kb1 Ra1+ 34. Kc2 R8a2+ 35. Bb2 Rh1 36. Rdd7 Rxb2+ 37. Rxb2 Rxh2+ 38. Kb3 Nxb2
39. fxe5 Kf8 40. c4 Ke8 41. Rd4 Nxc4 42. Kxc4 Rc2+ 43. Kd5 Ke7 44. Rd3 Rc8 45.
Rf3 Rd8+ 46. Kc4 h5 47. Rf6 Rd1 48. Ra6 Rg1 49. Kd4 Rxg3 50. Ra7+ Kf8 51. e6
fxe6 52. Ke5 Re3 53. Kxe6 h4 54. e5 h3 55. Kd6 h2 56. Rh7 Re2 57. e6 Kg8 58.
Rh3 Rd2+ 59. Ke5 Kg7 60. e7 Re2+ 61. Kd6 Kf7 62. Rh7+ Kf6 63. Rxh2 Re6+ 64. Kd5
Kxe7 65. Rg2 Kf7 66. Rf2+ Rf6 67. Rg2 Rf5+ 68. Ke4 Kf6 69. Rg3 Rf1 70. Ke3 Rf5
71. Ke4 Kg7 72. Rf3 Rxf3 1/2-1/2

[Event "C.to Italiano Semifinale"]
[Site "San Martino di Castrozza - Siror ITA"]
[Date "2003.06.22"]
[Round "2"]
[White "Guclu, Yaman"]
[Black "Ferri, Stefano"]
[Result "0-1"]
[WhiteElo "1771"]
[BlackElo "2069"]
[PlyCount "54"]
[EventDate "2003.06.21"]

1. e4 c6 2. d4 d5 3. exd5 cxd5 4. c4 Nf6 5. Nc3 e6 6. Bg5 Be7 7. Nf3 O-O 8. Bd3
dxc4 9. Bxc4 Nc6 10. O-O b6 11. Rc1 Bb7 12. a3 a6 13. Ba2 Nd5 14. Be3 Nxc3 15.
Rxc3 Bf6 16. Rd3 Ne7 17. Ng5 h6 18. Nf3 Bd5 19. Bxd5 Nxd5 20. Ne5 Rc8 21. Qh5
Bg5 22. h4 Bf4 23. g3 Nxe3 24. fxe3 Bxg3 25. Rxf7 Bxe5 26. Rxf8+ Qxf8 27. dxe5
Rc2 0-1

[Event "C.to Italiano Semifinale"]
[Site "San Martino di Castrozza - Siror ITA"]
[Date "2003.06.22"]
[Round "2"]
[White "Iotti, Pierluigi"]
[Black "Sbarra, Marco"]
[Result "1/2-1/2"]
[WhiteElo "2314"]
[BlackElo "2217"]
[PlyCount "99"]
[EventDate "2003.06.21"]

1. d4 d5 2. c4 e6 3. Nc3 c5 4. cxd5 exd5 5. Nf3 Nc6 6. g3 Nf6 7. Bg2 Be7 8. O-O
O-O 9. Bg5 cxd4 10. Nxd4 h6 11. Bf4 Bg4 12. h3 Bd7 13. Ndb5 Bf5 14. g4 Be4 15.
Nxe4 dxe4 16. Qxd8 Raxd8 17. Rfd1 Bc5 18. Bd6 Bxd6 19. Nxd6 e3 20. fxe3 Rd7 21.
Rd2 Ne5 22. Bxb7 Rb8 23. Bg2 Ne8 24. Rad1 Nxd6 25. Rxd6 Rxd6 26. Rxd6 Rxb2 27.
Ra6 Rxe2 28. Rxa7 g6 29. a4 Rxe3 30. a5 Ra3 31. a6 Kg7 32. Ra8 Nf3+ 33. Kf2 Nd4
34. Bd5 Kf6 35. h4 Ke5 36. Bc4 f5 37. a7 Kf4 38. Rd8 Rxa7 39. Rxd4+ Ke5 40.
Rd5+ Kf4 41. h5 Kxg4 42. hxg6 Kg5 43. Rd6 h5 44. Bf7 Kh6 45. Kg3 Ra4 46. Rf6
Kg5 47. g7 Rg4+ 48. Kf3 Kxf6 49. g8=Q Rxg8 50. Bxg8 1/2-1/2

[Event "C.to Italiano Semifinale"]
[Site "San Martino di Castrozza - Siror ITA"]
[Date "2003.06.22"]
[Round "2"]
[White "Mola, Pietro"]
[Black "Campanile, Roberto"]
[Result "1-0"]
[WhiteElo "2265"]
[BlackElo "2184"]
[PlyCount "79"]
[EventDate "2003.06.21"]

1. e4 c5 2. Nf3 d6 3. c3 Nf6 4. Be2 Nbd7 5. d3 b6 6. O-O Bb7 7. Nbd2 e6 8. Re1
Be7 9. Bf1 O-O 10. d4 cxd4 11. cxd4 Rc8 12. Bd3 e5 13. d5 Nc5 14. Bb1 a5 15.
Nf1 Re8 16. Ng3 g6 17. h3 b5 18. Bh6 Nfd7 19. Qd2 b4 20. Bc2 Qb6 21. b3 Ba6 22.
Be3 Qb7 23. Nh2 h5 24. Nf3 Bf6 25. Bg5 Bh8 26. Nh4 Nf8 27. Rac1 Nh7 28. Nxh5
gxh5 29. Nf5 Qd7 30. Bh4 Bg7 31. Re3 Bf8 32. Rg3+ Kh8 33. Nh6 Bg7 34. Nf5 Bf8
35. Qd1 f6 36. Qxh5 Nxe4 37. Bxe4 Rxc1+ 38. Kh2 Re7 39. Bxf6+ Rg7 40. Nxg7 1-0